000 06942cam a22020294i 4500
003 PE-LiUPU
005 20250813165430.0
008 080815s2008 mx a rb 001 0 spa d
020 _a9789701513781
020 _a9789586828123
020 _a9788478978496
035 _a(Sirsi) i9789701513781
040 _aPE-LiUPU
_bspa
_cPE-LiUPU
_dPE-LiUPU
_erda
049 _aPRUA
082 0 4 _a658.4038
_bP52
082 0 4 _a658.4038
_bP52 2008
100 1 _aPiattini Velthuis, Mario,
_eautor.
245 1 0 _aAuditoría de tecnologías y sistemas de información /
_cMario Piattini Velthuis.
250 _aPrimera edición.
264 1 _aMéxico :
_bAlfaomega,
_c[2008].
300 _a692 páginas :
_bilustraciones ;
_c23 ccentímetros.
336 _atext
_2rdacontent
337 _aunmediated
_2rdamedia
338 _avolume
_2rdacarrier
490 0 _aAlfaomega. Marcombo ;
_v1378
504 _aÍndice: páginas 691-692.
505 0 _aFundamentos -- Control interno y auditorio de sistemas de información -- Auditoria de si Vs. Normas de buena práctica -- Metodología de control interno, seguridad y la auditoria de sistemas de información -- En el contrato de auditoria -- El departamento de auditoria de los si: organizaciones y funciones -- Entorno jurídico de la auditoria de los sistemas de información -- Ética del autor de los sistemas de información -- Herramientas para la auditoria de los sí -- Principales áreas de la auditoria informática -- Auditoria de otusourcing de ti -- Auditoria de la seguridad física -- La auditoría de la dirección de informática -- Auditoria de la explotación -- Auditoria de bases de datos -- Auditoria de técnicas de sistemas -- Auditoria de la seguridad -- Auditoria de redes -- Auditoria de internet -- Auditoria de aplicaciones -- Desarrollo y mantenimiento -- Auditoria de la video vigilancia -- Auditoria reglamentaria de los datos de carácter personal - Acrónimos -- Índice alfabético.
526 _aP203
526 _aP200
526 _aSEG65
526 _aSEG64
526 _aSEG63
526 _aSEG62
526 _aSEG61
526 _aSEG60
526 _aSEG59
526 _aSEG58
526 _aSEG57
526 _aSEG56
526 _aSEG55
526 _aSEG54
526 _aSEG53
526 _aSEG52
526 _aSEG51
526 _aSEG50
526 _aSEG49
526 _aSEG48
526 _aSEG47
526 _aSEG46
526 _aSEG24
526 _aSEG23
526 _aSEG22
526 _aSEG21
526 _aSEG20
526 _aSEG19
526 _aSEG18
526 _aSEG17
526 _aSEG16
526 _aSEG14
526 _aSEG13
526 _aSEG12
526 _aSEG11
526 _aSEG10
526 _aSEG09
526 _aSEG06
526 _aSEG05
526 _aSEG04
526 _aSEG03
526 _aSEG02
526 _aSEG68
526 _aSEG66
526 _aSEG45
526 _aSEG25
526 _aSEG01
526 _aP163
526 _aP162
526 _aP161
526 _aP160
526 _aP159
526 _aP158
526 _aP157
526 _aP156
526 _aP155
526 _aP154
526 _aP153
526 _aP152
526 _aP151
526 _aP150
526 _aP149
526 _aP142
526 _aP141
526 _aP140
526 _aP139
526 _aP138
526 _aP137
526 _aP132
526 _aP131
526 _aP130
526 _aP126
526 _aP125
526 _aP124
526 _aP123
526 _aP115
526 _aP122
526 _aP121
526 _aP116
526 _a P114
526 _aP112
526 _aP111
526 _aP104
526 _aP103
526 _aP102
526 _aP101
526 _aP100
526 _aP96
526 _aP95
526 _aP93
526 _aP92
526 _aP91
526 _aP88
526 _aP83
526 _aP82
526 _aP79
526 _aP78
526 _aP75
526 _aP74
526 _aP71
526 _aP69
526 _a P51
526 _aP49
526 _aP48
526 _aP47
526 _aP33
526 _aP31
526 _a P30
526 _aP29
526 _aP27
526 _aP26
526 _aP25
526 _aP24
526 _a P22
526 _aP10
526 _aP09
526 _a P08
526 _aP06
526 _aP05
526 _aP04
526 _aP01
541 _g043-0014409;
541 _g001-0039194;
650 1 4 _aTecnología de la información
_xAuditoría.
700 1 _aPeso Navarro, Emilio del,
_eautor.
700 1 _aPeso Ruiz, Mar del,
_eautor.
910 _agl
_bjv
_cng
_d20120510
910 _crnzj
_d20161019
942 _2ddc
_cBOOK
949 _a658.4038 P52
_wDEWEY
_c1
_i64597
_lCCODEBUL1
_mBUL
_p61.00
_r0
_sY
_tBOOK
_u2008-8-15
_xINGENIERIA
_PP27
_0COMPRA
_o.STAFF. Colección General
949 _a658.4038 P52
_wDEWEY
_c2
_i71184
_lCCODEBUL1
_mBUL
_p33.68
_r0
_sY
_tBOOK
_u2015-5-25
_xINGENIERIA
_PP27
_0COMPRA
_o.STAFF. Colección Ciencias Empresariales
949 _a658.4038 P52 2008
_wDEWEY
_c1
_iFJ03030
_lCCODEBUJ1
_mBUJ
_p61.00
_r0
_sY
_tBOOK
_u2016-10-19
_xINGENIERIA
_PP27
_0COMPRA
_o.STAFF. Colección General Juliaca
949 _a658.4038 P52 2008
_wDEWEY
_c2
_iFJ00066
_lCCODEBUJ1
_mBUJ
_p38.00
_r0
_sY
_tBOOK
_u2015-8-3
_xFCE
_PP08
_0COMPRA
_o.STAFF. Colección General Juliaca
949 _a658.4038 P52 2008
_wDEWEY
_c2
_iFJ00505
_lCCODEBUJ1
_mBUJ
_p38.00
_r0
_sY
_tBOOK
_u2016-06-20
_xFCE
_PP08
_0COMPRA
_o.STAFF. Colección General Juliaca
994 _aC0
_bPEPRU
596 _a1 3
999 _a658.4038 P52
_wDEWEY
_c20175
_i64597
_f2021-12-13
_g9
_lCCODEBUL1
_mBUL
_p61.00
_r0
_sY
_tBOOK
_u2008-8-15
_xINGENIERIA
_PP27
_0COMPRA
_o.STAFF. Colección General
_d20175
999 _a658.4038 P52
_wDEWEY
_c2
_i71184
_d2018-4-23
_e2018-4-16
_f2021-11-8
_g12
_lCCODEBUL1
_mBUL
_n4
_p33.68
_r0
_sY
_tBOOK
_u2015-5-25
_xFCE
_zP27
_0COMPRA
_o.STAFF. Colección Ciencias Empresariales
999 _a658.4038 P52 2008
_wDEWEY
_c1
_iFJ03030
_f2022-2-1
_g4
_lCCODEBUJ1
_mBUJ
_p61.00
_r0
_sY
_tBOOK
_u2008-8-15
_xINGENIERIA
_PP27
_0COMPRA
_o.STAFF. Colección General
999 _a658.4038 P52 2008
_wDEWEY
_c2
_iFJ00066
_d2017-6-20
_e2017-6-20
_f2022-2-1
_g4
_lCCODEBUJ1
_mBUJ
_n4
_p38.00
_r0
_sY
_tBOOK
_u2015-8-3
_xFCE
_PP08
_0COMPRA
_o.STAFF. Colección General Juliaca
999 _a658.4038 P52 2008
_wDEWEY
_c3
_iFJ00505
_d2019-4-29
_e2018-5-25
_f2022-2-1
_g3
_lCCODEBUJ1
_mBUJ
_n2
_p38.00
_q6
_r0
_sY
_tBOOK
_u2016-6-20
_xFCE
_PP04
_0COMPRA
_o.STAFF. Colección General Juliaca
980 _81
_gALBERTO SANCHEZ Responsable de Automatización